| 000 | 00645aam a2200253 4500 | ||
|---|---|---|---|
| 005 | 20250919172219.0 | ||
| 008 | 150617b2003 xxu||||| |||| 00| 0 spa d | ||
| 020 | _a9977130981 | ||
| 041 | _aESP | ||
| 082 | _a347.52 C8374l3 | ||
| 100 | _aCosta Rica. Leyes, decretos, etc. | ||
| 245 | _aLey de sociedades anónimas laborales y su reglamento | ||
| 250 | _a3 edición. | ||
| 260 | _aCosta Rica | ||
| 260 | _bIJSA | ||
| 260 | _c2003 | ||
| 300 | _a47 páginas | ||
| 490 | _aTemática General | ||
| 650 | _aCOSTA RICA | ||
| 650 | _aSOCIEDADES ANONIMAS LABORALES | ||
| 650 | _aDERECHO MERCANTIL | ||
| 942 |
_cBK _2ddc |
||
| 999 |
_c1392 _d1392 |
||